Southville International School and Colleges
Your cart is empty.
  • Cart
  • Lists
    Public lists Eva Luna New books Lux_list list_1
    Your lists Log in to create your own lists
  • Log in to your account
  • Your cookies
  • Search history
Southville International School and Colleges
  • Advanced search
  • Recent comments
  • Most popular
  • Libraries

Log in to your account

Log in with GOOGLE


If you do not have an external account, but do have a local account, you can still log in:

  1. Home
  2. MARC view: Max the mighty
Normal view MARC view ISBD view

Max the mighty (Record no. 11316)

[ view plain ]
MARC details
000 -LEADER
fixed length control field 00983cam a2200289 a 4500
001 - CONTROL NUMBER
control field 4961569
003 - CONTROL NUMBER IDENTIFIER
control field PILC
005 - DATE AND TIME OF LATEST TRANSACTION
control field 20160114124141.0
008 - FIXED-LENGTH DATA ELEMENTS--GENERAL INFORMATION
fixed length control field 970328s1998 nyu c 000 1 eng
010 ## - LIBRARY OF CONGRESS CONTROL NUMBER
LC control number 97011762
020 ## - INTERNATIONAL STANDARD BOOK NUMBER
International Standard Book Number 0590188925
040 ## - CATALOGING SOURCE
Original cataloging agency DLC
Transcribing agency DLC
Modifying agency DLC
042 ## - AUTHENTICATION CODE
Authentication code lcac
050 00 - LIBRARY OF CONGRESS CALL NUMBER
Classification number PZ 7
Item number .P52112 1998
082 00 - DEWEY DECIMAL CLASSIFICATION NUMBER
Classification number FIC
Item number P53 1998
100 1# - MAIN ENTRY--PERSONAL NAME
Personal name Philbrick, W. R.
Fuller form of name (W. Rodman)
9 (RLIN) 19781
245 10 - TITLE STATEMENT
Title Max the mighty
Statement of responsibility, etc Rodman Philbrick.
260 ## - PUBLICATION, DISTRIBUTION, ETC. (IMPRINT)
Place of publication, distribution, etc New York :
Name of publisher, distributor, etc Blue Sky Press,
Date of publication, distribution, etc c1998.
300 ## - PHYSICAL DESCRIPTION
Extent 166 p. :
Dimensions 18 cm.
650 #1 - SUBJECT ADDED ENTRY--TOPICAL TERM
Topical term or geographic name as entry element Runaways
General subdivision Fiction.
9 (RLIN) 19782
650 #1 - SUBJECT ADDED ENTRY--TOPICAL TERM
Topical term or geographic name as entry element Friendship
General subdivision Fiction.
9 (RLIN) 19783
906 ## - LOCAL DATA ELEMENT F, LDF (RLIN)
a 7
b cbc
c orignew
d 1
e ocip
f 19
g y-gencatlg
942 ## - ADDED ENTRY ELEMENTS (KOHA)
Source of classification or shelving scheme Library of Congress Classification
Koha item type Books
Holdings
Withdrawn status Lost status Source of classification or shelving scheme Damaged status Home library Current library Shelving location Date acquired Total Checkouts Full call number Barcode Date last seen Copy number Price effective from Koha item type
    Library of Congress Classification   Luxembourg Library Luxembourg Library Fiction Section 09/14/2013   PZ 7 .P52112 1998 16647 02/16/2015 1 09/14/2013 Books

Max the mighty

APA

Philbrick W. R., . (1998). Max the mighty. New York: Blue Sky Press.

Chicago

Philbrick W R, . 1998. Max the mighty. New York: Blue Sky Press.

Harvard

Philbrick W. R., . (1998). Max the mighty. New York: Blue Sky Press.

MLA

Philbrick W R, . Max the mighty. New York: Blue Sky Press. 1998.

  • Place hold
  • Print
  • Cite
  • Add to your cart (remove)
  • Save record
    BIBTEX Dublin Core MARCXML MARC (non-Unicode/MARC-8) MARC (Unicode/UTF-8) MARC (Unicode/UTF-8, Standard) MODS (XML) RIS
  • More searches
    Search for this title in:
    Other Libraries (WorldCat) Other Databases (Google Scholar) Online Stores (Bookfinder.com) Open Library (openlibrary.org)

Exporting to Dublin Core...

SOUTHVILLE LIBRARY

Southville International School and Colleges Library

1281 Tropical Ave. Cor. Luxembourg St., BF Homes International, Las Pinas City

Tel. No. 8256374 / 252358 Loc. 117/146

Powered by Koha